| 000 | 00505nam a2200157 u 4500 | ||
|---|---|---|---|
| 001 | 000020344 | ||
| 005 | 20200929170357.0 | ||
| 008 | 100813s201u dr 000 0 spa d | ||
| 040 |
_aDO-SdBNP _bspa _cBNPHU |
||
| 082 |
_axxx _bxxxx |
||
| 100 | 1 |
_aNúñez, Juan Alberto _942994 |
|
| 245 | 1 | 0 |
_aHistoria real del niño que nunca habia tocado piano / _cJuan Alberto Núñez. |
| 246 |
_aJosué Kennedy Núñez : _bun niño prodigio |
||
| 260 |
_aSanto Domingo : _bPrimium, _c[201?]. |
||
| 300 |
_a158 p. ; _c25 cm. |
||
| 999 |
_c19848 _d19848 |
||